| 000 | 00895nam a2200229 a 4500 | ||
|---|---|---|---|
| 001 | 000043920 | ||
| 005 | 20201002045038.0 | ||
| 008 | 140508s1996 sp ac 000 0 spa d | ||
| 020 | _a8487169848 | ||
| 040 |
_aDO-SdBNP _bspa _cBNPHU |
||
| 082 |
_axxxx _bxxxx |
||
| 100 | 1 |
_aSánchez Noriega, José Luis, _d1957- _971829 |
|
| 245 | 1 | 0 |
_aDesde que los Lumiére filmaron a los obreros : _bel mundo del trabajo en el cine / _cJosé Luis Sánchez Noriega ; prólogo Antonio Lara. |
| 260 |
_aMóstoles, Madrid : _bNossa y Jara, _c1996. |
||
| 300 |
_a400 p. : _bil., retrs. ; _c21 cm. |
||
| 490 | 1 |
_aMadre tierra _v12 |
|
| 500 | _aIncluye referencias bibliográficas y notas al pie de las páginas | ||
| 500 | _aIncluye datos biográficos del autor en la solapa de la cubierta | ||
| 504 | _aBibliografía: p. 394-396 | ||
| 700 | 1 | 2 |
_aLara, Antonio _epról. _971830 |
| 830 | 0 |
_aMadre tierra ; _n12 _971831 |
|
| 999 |
_c43409 _d43409 |
||